000 01405nam a22003857a 4500
003 CHAP
005 20220329135824.0
008 971013s1978 r 00010 d
010 _a42835
011 _a43807
035 _a47944
040 _cCHAP
090 _aTesis
100 0 0 _aExebio García, Adolfo.
_939039
245 _aAplicación de metodologías para mejorar la operación del Distrito de Riego No. 30, Valsequillo, Puebla
260 _aChapingo, Méx. :
_bEl autor,
_c1978
300 _a139 h.
_b; apénd.
502 _aTesis (M. C. Esp. en Riego y Drenaje) -- ENA. Colegio de Postgraduados. Rama de Riego y Drenaje
590 _aALEPH
_b10
_c20130110
_lUCH01
_h1311
590 _aBATCH-UPD
_b10
_c20130110
_lUCH01
_h0013
590 _aBATCH-UPD
_b10
_c20130110
_lUCH01
_h1856
590 _aBATCH-UPD
_b10
_c20130409
_lUCH01
_h1950
590 _aBATCH-UPD
_b10
_c20130410
_lUCH01
_h1225
590 _aBATCH-UPD
_b10
_c20130914
_lUCH01
_h1209
590 _aCONVERSION
_b10
_c20130109
_lUCH01
_h1324
650 1 4 _aAgua
_xAprovechamiento
_xPuebla.
_92300
650 1 4 _aDistrito de Riego Valsequillo, Pue.
_932954
650 1 4 _aIrrigación
_xModelos matemáticos.
_960431
650 1 4 _aIrrigación
_xPuebla.
_960476
901 _aBK
942 _cFOLL
949 _bBC
_cTES
_d-108776
_eTS1
_i47944
_si
949 _bBC
_cTES
_d-108777
_eTS2
_fc.2
_i47944
_si
949 _bBC
_cTES
_d-108778
_eTS2
_fc.3
_i47944
_si
999 _c42835
_d42835